<?xml version="1.0" encoding="UTF-8"?>
<marc:record xmlns:marc="http://www.loc.gov/MARC21/slim">
   <marc:leader>00000nam a2200000 a 4500</marc:leader>
   <marc:datafield ind1=" " ind2=" " tag="653">
      <marc:subfield code="a">Tonie Play</marc:subfield>
   </marc:datafield>
   <marc:datafield ind1=" " ind2=" " tag="653">
      <marc:subfield code="a">Fellfreunde</marc:subfield>
   </marc:datafield>
   <marc:datafield ind1=" " ind2=" " tag="653">
      <marc:subfield code="a">Paw Patrol</marc:subfield>
   </marc:datafield>
   <marc:datafield ind1="0" ind2="0" tag="245">
      <marc:subfield code="a">Heldenhafte Rettung in der Abenteuerbucht</marc:subfield>
   </marc:datafield>
   <marc:datafield ind1="0" ind2="0" tag="245">
      <marc:subfield code="b">kompatibel mit der Toniebox 2</marc:subfield>
   </marc:datafield>
   <marc:datafield ind1=" " ind2="1" tag="264">
      <marc:subfield code="a">Düsseldorf</marc:subfield>
      <marc:subfield code="b">tonies GmbH</marc:subfield>
      <marc:subfield code="c">2025</marc:subfield>
   </marc:datafield>
   <marc:datafield ind1="1" ind2=" " tag="520">
      <marc:subfield code="a">Inhalt:&#xD;
Erlebe spannende Missionen mit PAW Patrol!&#xD;
&#xD;
Ryder's PawPad klingelt ununterbrochen – überall in der Abenteuerbucht wird Hilfe gebraucht! Die Fellfreunde brauchen deine Unterstützung bei 6 spannenden Missionen und mehr als 10 Mini-Spielen - sei mittendrin, wenn es heißt: Kein Einsatz zu groß, keine Pfote zu klein!&#xD;
&#xD;
&#xD;
So funktioniert’s:&#xD;
Werde Teil des Abenteuers!&#xD;
&#xD;
1. Lege die Tonieplay Disc auf die Toniebox 2 und drücke ein Ohr, um die Toniebox 2 einzuschalten.&#xD;
&#xD;
2. Stelle den Tonieplay Controller in die Mitte des LED-Rings und drücke auf den Knopf.&#xD;
&#xD;
3. Los geht’s! Lausche dem Abenteuer, um die Rettungsmission zu starten: nutze das Spielbrett, um herauszufinden, wo der Hilferuf herkommt. Wähle den passenden Fellfreund für den Einsatz aus und tippe die entsprechende Tonieplay Card auf den Controller, um das Spiel-Abenteuer zu starten!&#xD;
&#xD;
Hinweis:&#xD;
Zum Spielen werden eine Toniebox 2 und ein Tonieplay Controller benötigt (separat entlehnbar).</marc:subfield>
   </marc:datafield>
   <marc:datafield ind1=" " ind2=" " tag="041">
      <marc:subfield code="a">ger</marc:subfield>
   </marc:datafield>
   <marc:datafield ind1=" " ind2=" " tag="300">
      <marc:subfield code="a">1 Tonieplay Disc, 6 Fellfreunde-Karten, 1 Spielbrett, 1 Spielanleitung</marc:subfield>
   </marc:datafield>
</marc:record>
